000 00650nam a2200181Ia 4500
008 090123s9999 xx 000 0 und d
082 _b3553
_a891.463/भडभडे
100 _aभडभडे सुमन
245 _aगुंफिते बकुळ फुलांची माळा
250 _a1
260 _bमनोरंजन
_c1974
300 _a290
600 _aभडभडे सुमन
630 _aगुंफिते बकुळ फुलांची माळा
700 _aभडभडे सुमन
730 _aगुंफिते बकुळ फुलांची माळा
942 _cBOOK
999 _c41633
_d41633